The courts and American education law /

Bibliographic Details
Main Author: Van Geel, Tyll
Format: Book
Language:English
Published: Buffalo, N.Y. : Prometheus Books, 1987.
Series:Frontiers of education.
Subjects:

MARC

Tag First Indicator Second Indicator Subfields
LEADER 00000cam a2200000 a 4500
001 in00000007270
005 20151005060021.0
008 860924s1987 nyu b 00110 eng
010 |a  86025293  
020 |a 0879753846 :  |c $25.95 (est.) 
020 |a 0879753862 (pbk.) :  |c $14.95 (est.) 
035 |a (OCoLC)14376960 
035 |9 AAA1753AM 
040 |a DLC  |c DLC  |d OCL  |d TXA  |d UtOrBLW 
043 |a n-us--- 
049 |a TXAM  |c [A12562617] 
050 0 0 |a KF4119  |b .V33 1987 
082 0 |a 344.73/07  |a 347.3047  |2 19 
100 1 |a Van Geel, Tyll. 
245 1 4 |a The courts and American education law /  |c Tyll van Geel. 
264 1 |a Buffalo, N.Y. :  |b Prometheus Books,  |c 1987. 
300 |a 502 pages ;  |c 24 cm. 
336 |a text  |b txt  |2 rdacontent 
337 |a unmediated  |b n  |2 rdamedia 
338 |a volume  |b nc  |2 rdacarrier 
490 1 |a Frontiers of education 
504 |a Includes bibliographies and indexes. 
650 0 |a Educational law and legislation  |z United States. 
610 1 0 |a United States.  |b Supreme Court. 
830 0 |a Frontiers of education. 
999 |a MARS 
999 f f |s b1250aa0-b862-3614-9e63-8020323261eb  |i c73bbb15-3c03-334d-9a03-616f2f3da317  |t 0 
952 f f |p ric  |a Texas A&M University  |b Rellis Campus  |c Joint Library Facility  |d Remote Storage  |t 0  |e KF4119 .V33 1987  |h Library of Congress classification  |i unmediated -- volume  |m A14812562617 
998 f f |a KF4119 .V33 1987  |t 0  |l Remote Storage